| LDR | | 00000nam c2200205 c 4500 |
| 001 | | 000000194964 |
| 005 | | 20150415154416 |
| 007 | | ta |
| 008 | | 150408s2011 ulka b 001 kor |
| 020 | |
▼a 9788992971966
▼g 93510 :
▼c \18000 |
| 040 | |
▼a 248032
▼c 248032
▼d 248032 |
| 041 | 1 |
▼a kor
▼h eng |
| 049 | 0 |
▼l EM88750
▼l EM88751
▼c 2
▼l EM88752
▼c 3 |
| 056 | |
▼a 512.42
▼2 4 |
| 090 | |
▼a 512.42
▼b M959ㅈ6 |
| 245 | 20 |
▼a (멀리건의) 정형도수치료 :
▼b 움직임을 동반한 유동술 :
▼b NAGS, SNAGS, MWMS 등 /
▼d Brian R Mulligan 지음 ;
▼e 윤홍일 옮김 |
| 246 | 19 |
▼a Manual therapy NAGS, SNAGS, MWMS etc, 6th ed. |
| 250 | |
▼a 초판[원서6판] |
| 260 | |
▼a 서울 :
▼b 한미의학,
▼c 2011 |
| 300 | |
▼a xiii, 209 p. :
▼b 천연색삽화 ;
▼c 26 cm. |
| 504 | |
▼a 참고문헌(p. 201-202)과 색인(p.203-209)수록 |
| 653 | |
▼a 정형도수치료
▼a 척추기법
▼a 팔다리기법
▼a 특별한기법 |
| 700 | 1 |
▼a Mulligan, Brian R. |
| 700 | 1 |
▼a 윤홍일 |
| 740 | 2 |
▼a 움직임을 동반한 유동술 |
| 740 | 2 |
▼a NAGS, SNAGS, MWMS 등 |
| 900 | 11 |
▼a 멀리건, 브라이언 R. |
| 950 | 0 |
▼b \18000 |
| 990 | |
▼a 관리자2
▼b 관리자2 |